00225nam a2200097Ia 4500008004100000100001600041245002400057260002500081260000900106546001200115170619s9999 xx 000 0 und d aHarigopal K 0aWho moved my cheese bLondon : C C Mission c2002 aENGLISH